[Event "1.Open A Città di Padova"]
[Site "Padova"]
[Date "1998.12.19"]
[Round "4.18"]
[White "Fontana, Alessandro"]
[Black "Tresin, Ardilio"]
[Result "0-1"]
[WhiteElo "1500"]
[BlackElo "1449"]
[Annotator "Gabriele Ballarin"]
[PlyCount "73"]
[EventDate "1998.12.13"]
[EventType "swiss"]
[EventRounds "6"]
[EventCountry "ITA"]

1. e4 g6 2. d4 d6 3. Nf3 Bg7 4. Bc4 Nh6 5. O-O c6 6. Be3 O-O 7. h3 Kh8 8. Qd2 Ng8 9. Bg5 f6 10. Bh4 b5 11. Bd3 a5 12. Nh2 Qb6 13. c3 Ba6 14. f4 c5 15. Qe3 b4 16. Bxa6 Rxa6 17. f5 g5 18. Bg3 Nd7 19. Nf3 Nh6 20. Nbd2 Qb5 21. h4 Ng4 22. Qe1 h6 23. hxg5 hxg5 24. Nh2 Nxh2 25. Bxh2 Kg8 26. Qd1 Nb6 27. dxc5 dxc5 28. cxb4 axb4 29. Rf3 Rd8 30. Qb3+ c4 31. Qe3 Rd3 32. Qe2 Rxf3 33. Qxf3 c3 34. bxc3 Qc5+ 35. Kh1 Qxc3 36. Qe2 Qxa1+ 37. Bg1 0-1

[Event "1.Open A Città di Padova"]
[Site "Padova"]
[Date "1998.12.19"]
[Round "4.20"]
[White "Nagliati, Paolo"]
[Black "Marigo, Narciso"]
[Result "0-1"]
[WhiteElo "1591"]
[BlackElo "1687"]
[Annotator "Gabriele Ballarin"]
[PlyCount "63"]
[EventDate "1998.12.13"]
[EventType "swiss"]
[EventRounds "6"]
[EventCountry "ITA"]

1. e4 d6 2. Nc3 Nc6 3. d4 Bd7 4. Be3 e5 5. Nf3 Nf6 6. Be2 Be7 7. d5 Nb8 8. h3 Bc8 9. Bd3 Nbd7 10. a4 Nf8 11. Nd2 Ng6 12. O-O O-O 13. Ne2 Nh5 14. f4 exf4 15. Nxf4 Nhxf4 16. Bxf4 Nxf4 17. Rxf4 Bg5 18. Rf3 Bd7 19. c3 a5 20. Qc2 g6 21. Nb3 Bf6 22. Qf2 Bg7 23. Nd4 Qe8 24. Nb5 Bxb5 25. axb5 Qe7 26. Qe2 b6 27. Bc2 Rae8 28. g4 Qh4 29. Qf2 Qg5 30. Rf1 Re7 31. Qh2 Be5 32. Qe2 0-1

[Event "1.Open A Città di Padova"]
[Site "Padova"]
[Date "1998.12.19"]
[Round "4.21"]
[White "Saponara, Nicola"]
[Black "Fragni, Enrico"]
[Result "1/2-1/2"]
[WhiteElo "1576"]
[BlackElo "1822"]
[Annotator "Gabriele Ballarin"]
[PlyCount "95"]
[EventDate "1998.12.13"]
[EventType "swiss"]
[EventRounds "6"]
[EventCountry "ITA"]

1. e4 c6 2. d4 Qc7 3. f4 d6 4. Nf3 Bg4 5. Be2 e5 6. fxe5 Bxf3 7. Bxf3 dxe5 8. c3 Nf6 9. O-O Nbd7 10. Bg5 Bd6 11. Nd2 exd4 12. cxd4 Bxh2+ 13. Kh1 h6 14. Bxf6 Nxf6 15. e5 O-O-O 16. Nc4 Nd5 17. Kxh2 f6 18. Bxd5 Rxd5 19. Qg4+ Kb8 20. Rf3 Rhd8 21. Rf4 b5 22. Nd6 fxe5 23. dxe5 Rxe5 24. Nf7 Rh5+ 25. Qxh5 Qxf4+ 26. Kh1 Rd5 27. Qh2 Qxh2+ 28. Kxh2 Kc7 29. Nh8 Rg5 30. Rf1 a5 31. g3 Kb6 32. Kh3 b4 33. Kh4 Kb5 34. g4 c5 35. Rf5 a4 36. Nf7 Rg6 37. Ne5 Rd6 38. Rf7 g6 39. Rb7+ Ka6 40. Rg7 h5 41. Rxg6 Rxg6 42. Nxg6 hxg4 43. Ne5 Kb5 44. Kxg4 c4 45. Kf4 a3 46. bxa3 b3 47. axb3 cxb3 48. Nd3 1/2-1/2

[Event "1.Open A Città di Padova"]
[Site "Padova"]
[Date "1998.12.19"]
[Round "4.22"]
[White "Di Giacomo, Antonio"]
[Black "Battiston, Alan Doris"]
[Result "1-0"]
[WhiteElo "1552"]
[BlackElo "1800"]
[Annotator "Gabriele Ballarin"]
[PlyCount "101"]
[EventDate "1998.12.13"]
[EventType "swiss"]
[EventRounds "6"]
[EventCountry "ITA"]

{[%evp 0,63,20,25,25,16,23,4,18,6,41,43,45,44,39,26,17,16,16,-5,0,-2,-5,-14,-17,-33,-21,-25,19,-7,-9,-34,2,6,7,-8,0,21,18,-15,3,-13,0,-2,31,27,10,21,20,22,11,0,-11,-6,63,36,117,81,81,44,46,17,46,41,22,5]} 1. d4 d5 2. Nf3 Nf6 3. c4 e6 4. e3 Ne4 5. Nc3 f5 6. cxd5 exd5 7. Bd3 c6 8. O-O Bd6 9. g3 O-O 10. Ne2 Nd7 11. Bd2 Ndf6 12. Kg2 Ng4 13. h3 Nh6 14. a3 a5 15. b4 axb4 16. Bxb4 Be6 17. Bxd6 Qxd6 18. a4 Nf7 19. Qc2 g5 20. Qb2 Rab8 21. Rac1 Bd7 22. Ne5 Nxe5 23. dxe5 Qe7 24. f3 Nc5 25. Qb4 b6 26. f4 h6 27. a5 Qd8 28. Bb1 Ne6 29. axb6 Rxb6 30. Qd2 gxf4 31. exf4 Qe7 32. Nd4 Nxd4 33. Qxd4 Rfb8 34. Bd3 Qb4 35. Qxb4 Rxb4 36. e6 Bxe6 37. Rxc6 Kf7 38. Re1 Re4 39. Ra1 Rb2+ 40. Kf1 Re3 41. Ra7+ Kf6 42. Raa6 Rf3+ 43. Ke1 Re3+ 44. Kf1 Kf7 45. Ra7+ Kf6 46. Raa6 Rd2 47. Bb5 Rd4 48. Be2 Rde4 49. Bh5 d4 50. Ra7 d3 51. Rf7# 1-0

[Event "1.Open A Città di Padova"]
[Site "Padova"]
[Date "1998.12.19"]
[Round "4.23"]
[White "Solinas, Roberto"]
[Black "Borgato, Alessandro"]
[Result "1/2-1/2"]
[WhiteElo "1666"]
[BlackElo "1500"]
[Annotator "Gabriele Ballarin"]
[PlyCount "104"]
[EventDate "1998.12.13"]
[EventType "swiss"]
[EventRounds "6"]
[EventCountry "ITA"]

1. d4 c6 2. Nf3 d5 3. Nbd2 Nf6 4. e3 Bg4 5. Bd3 Nbd7 6. e4 dxe4 7. Nxe4 Nxe4 8. Bxe4 Nf6 9. Qd3 Nxe4 10. Qxe4 Bxf3 11. gxf3 e6 12. Rg1 Qd5 13. c3 f6 14. b3 O-O-O 15. Bb2 Qxe4+ 16. fxe4 g5 17. O-O-O h6 18. f3 Bd6 19. h3 Bf4+ 20. Kc2 Rh7 21. Rd3 Rhd7 22. Rgd1 Kc7 23. c4 b6 24. d5 e5 25. b4 Bg3 26. Bc1 Bf2 27. Be3 Bxe3 28. Rxe3 a6 29. Ra3 Ra8 30. Rad3 Rad8 31. dxc6 Rxd3 32. Rxd3 Rxd3 33. Kxd3 Kxc6 34. Kc3 h5 35. Kd3 b5 36. c5 Kc7 37. Kc3 Kc6 38. Kb3 Kc7 39. a4 Kc6 40. a5 Kd7 41. Kc3 Kc6 42. Kd3 Kd7 43. Ke2 Ke6 44. Kf2 Kd7 45. Kg3 Ke6 46. h4 Ke7 47. Kh3 Ke6 48. Kg3 Kd7 49. Kh3 Ke6 50. Kg3 Kd7 51. Kh2 Ke6 52. Kg2 Kd7 1/2-1/2

[Event "1.Open A Città di Padova"]
[Site "Padova"]
[Date "1998.12.19"]
[Round "4.24"]
[White "Quaranta, Cristiano"]
[Black "Bonetto, Giorgio"]
[Result "1/2-1/2"]
[WhiteElo "1491"]
[BlackElo "1600"]
[Annotator "Gabriele Ballarin"]
[PlyCount "136"]
[EventDate "1998.12.13"]
[EventType "swiss"]
[EventRounds "6"]
[EventCountry "ITA"]

1. c4 e6 2. Nf3 d5 3. e3 Nf6 4. Nc3 c6 5. d4 Nbd7 6. Bd3 dxc4 7. Bxc4 b5 8. Bd3 a6 9. O-O Bb7 10. e4 c5 11. Bg5 Be7 12. dxc5 Nxc5 13. Bxf6 Bxf6 14. e5 Be7 15. Bc2 O-O 16. Re1 Qc7 17. Qe2 Rad8 18. Rad1 Rxd1 19. Bxd1 Rd8 20. Bc2 Nd7 21. Be4 Nf8 22. Bxb7 Qxb7 23. h3 Ng6 24. Qe4 Qc7 25. Rc1 Qb6 26. a3 Rc8 27. Qd3 Bc5 28. Rf1 Qb7 29. Ne4 Qb6 30. Nxc5 Qxc5 31. Re1 Qc2 32. Qxc2 Rxc2 33. Rb1 Re2 34. Kf1 Re4 35. Re1 Rc4 36. Re2 Nf4 37. Nd2 Rc1+ 38. Re1 Rxe1+ 39. Kxe1 Nd3+ 40. Ke2 Nxe5 41. f4 Nc6 42. Ne4 Kf8 43. Nc5 Nb8 44. Kd3 Ke7 45. Kd4 Kd6 46. Ne4+ Ke7 47. Kc5 h6 48. Kb6 Kd7 49. Nc5+ Kd6 50. Nxa6 Nxa6 51. Kxa6 Kc6 52. b4 f6 53. Ka5 e5 54. fxe5 fxe5 55. a4 bxa4 56. Kxa4 e4 57. b5+ Kd6 58. Kb4 e3 59. Kc3 e2 60. Kd2 e1=Q+ 61. Kxe1 Kc5 62. Ke2 Kxb5 63. Kd3 Kc6 64. Ke4 Kd6 65. Kf5 Ke7 66. Kg6 Kf8 67. g4 Kg8 68. h4 Kh8 1/2-1/2

[Event "1.Open A Città di Padova"]
[Site "Padova"]
[Date "1998.12.19"]
[Round "4.26"]
[White "Verdi, Ruben"]
[Black "Muradore, Aldo"]
[Result "1-0"]
[WhiteElo "1500"]
[BlackElo "1455"]
[Annotator "Gabriele Ballarin"]
[PlyCount "81"]
[EventDate "1998.12.13"]
[EventType "swiss"]
[EventRounds "6"]
[EventCountry "ITA"]

1. e4 c5 2. Nc3 d6 3. Nf3 Nf6 4. Bb5+ Bd7 5. a4 Nc6 6. d4 cxd4 7. Nxd4 g6 8. Qd3 Bg7 9. f3 Rc8 10. O-O O-O 11. Nxc6 bxc6 12. Bc4 Qa5 13. Bd2 Qb6+ 14. Be3 c5 15. b4 Qxb4 16. Rfb1 Qa5 17. Rb7 Rb8 18. Rab1 Rxb7 19. Rxb7 Rd8 20. h3 Kf8 21. Bg5 Bc6 22. Rb1 Nd7 23. Nd5 f6 24. Bh4 Ne5 25. Qb3 Bxa4 26. Qb7 Bd7 27. Be1 Qa4 28. Bb5 Qxc2 29. Bxd7 Nxd7 30. Ba5 Ke8 31. Bxd8 Bf8 32. Nc7+ Kf7 33. Qd5+ Kg7 34. Ne6+ Kh8 35. Rb8 Qc1+ 36. Kh2 Nxb8 37. Nxf8 Qf4+ 38. Kg1 Qc1+ 39. Kf2 Qh6 40. Bxe7 Qg7 41. Qxd6 1-0

[Event "1.Open A Città di Padova"]
[Site "Padova"]
[Date "1998.12.19"]
[Round "4.27"]
[White "Salata, Alessio"]
[Black "Serradura, Gianluca"]
[Result "1-0"]
[WhiteElo "1552"]
[BlackElo "1419"]
[Annotator "Gabriele Ballarin"]
[PlyCount "27"]
[EventDate "1998.12.13"]
[EventType "swiss"]
[EventRounds "6"]
[EventCountry "ITA"]

1. f4 c5 2. Nf3 Nc6 3. e3 e5 4. fxe5 d6 5. Bb5 Bd7 6. O-O Bg4 7. Qe1 Bxf3 8. Rxf3 dxe5 9. b3 Bd6 10. Bb2 Nge7 11. Qf2 O-O 12. Bc4 e4 13. Rxf7 Ne5 14. Rxf8# 1-0

[Event "1.Open A Città di Padova"]
[Site "Padova"]
[Date "1998.12.19"]
[Round "4.28"]
[White "Quaranta, Gaetano"]
[Black "Alessi, Giovanni"]
[Result "1-0"]
[WhiteElo "1558"]
[BlackElo "1400"]
[Annotator "Gabriele Ballarin"]
[PlyCount "69"]
[EventDate "1998.12.13"]
[EventType "swiss"]
[EventRounds "6"]
[EventCountry "ITA"]

1. e4 e5 2. Nf3 d6 3. Bc4 c6 4. d4 Bg4 5. dxe5 Bxf3 6. Qxf3 f6 7. Bxg8 Rxg8 8. e6 Qe7 9. Qh5+ g6 10. Qg4 h5 11. Qh3 c5 12. Nc3 Qg7 13. Nd5 Nc6 14. e7 Rc8 15. exf8=Q+ Rxf8 16. Qxc8+ Nd8 17. Qc7 Qxc7 18. Nxc7+ Kd7 19. Nd5 b5 20. Bh6 Rf7 21. O-O-O g5 22. h4 g4 23. Bf4 Nb7 24. Nc3 a6 25. e5 fxe5 26. Bxe5 Rxf2 27. Ne4 Rxg2 28. Nxd6 Nxd6 29. Rxd6+ Kc8 30. Rc6+ Kb7 31. Rxc5 Kb6 32. Rc3 Re2 33. Re3 Rf2 34. Bd4+ Kb7 35. Re7+ 1-0

[Event "1.Open A Città di Padova"]
[Site "Padova"]
[Date "1998.12.19"]
[Round "4.29"]
[White "Ballarin, Gabriele"]
[Black "Palmieri, Vincenzo"]
[Result "1-0"]
[WhiteElo "1465"]
[BlackElo "1600"]
[Annotator "Gabriele Ballarin"]
[PlyCount "115"]
[EventDate "1998.12.13"]
[EventType "swiss"]
[EventRounds "6"]
[EventCountry "ITA"]
[SourceTitle "Ballarin Gabriele"]
[Source "Ballarin Gabrie"]
[SourceDate "2001.01.01"]
[SourceVersion "1"]
[SourceVersionDate "2001.01.01"]
[SourceQuality "1"]

1. e4 e5 2. Bc4 Nc6 3. Nf3 Bc5 4. Nc3 Nf6 5. d3 d6 6. Na4 Bb4+ 7. c3 Ba5 8. b4 Bb6 9. Nxb6 axb6 10. Qb3 O-O 11. Ng5 Qe7 12. f4 h6 13. Nf3 Bg4 14. O-O Nh5 15. f5 Bxf3 16. Rxf3 Qh4 17. Be3 Nf4 18. Bxf4 exf4 19. Raf1 Ne5 20. Rxf4 Ng4 21. h3 h5 22. hxg4 hxg4 23. Qd1 b5 24. Rxg4 Qh6 25. Bb3 Kh8 26. Rf3 Qf6 27. Rh3+ Kg8 28. Rgh4 g6 29. fxg6 Qxc3 30. Qh5 Kg7 31. gxf7 Qa1+ 32. Kh2 Qe5+ 33. Rg3+ Kf6 34. Qxe5+ dxe5 35. Rg8 Ke7 36. Rxf8 Rxf8 37. Rg4 b6 38. Rg8 c5 39. Bd5 c4 40. dxc4 bxc4 41. Bxc4 b5 42. Rxf8 Kxf8 43. Bd5 Ke7 44. g4 Kf8 45. g5 Kg7 46. Kh3 Kf8 47. Kh4 Kg7 48. Kh5 Kf8 49. Kh6 Ke7 50. g6 Kf8 51. g7+ Ke7 52. f8=Q+ Kd7 53. Qf7+ Kd6 54. Qe6+ Kc7 55. a4 Kb8 56. g8=Q+ Kc7 57. Qgf7+ Kb8 58. Qee8# 1-0

[Event "1.Open A Città di Padova"]
[Site "Padova"]
[Date "1998.12.20"]
[Round "5.1"]
[White "Guclu, Yaman"]
[Black "Zotti, Enrico"]
[Result "0-1"]
[WhiteElo "1600"]
[BlackElo "1725"]
[Annotator "Gabriele Ballarin"]
[PlyCount "56"]
[EventDate "1998.12.13"]
[EventType "swiss"]
[EventRounds "6"]
[EventCountry "ITA"]

1. e4 c5 2. Nc3 d6 3. f4 Nf6 4. Nf3 g6 5. Bc4 Bg7 6. O-O O-O 7. d3 Nc6 8. Qe1 Na5 9. Bb3 Nxb3 10. axb3 a6 11. Qh4 e6 12. g4 b5 13. Nxb5 axb5 14. Rxa8 Qb6 15. Be3 Bb7 16. Rxf8+ Kxf8 17. Ng5 h6 18. f5 exf5 19. gxf5 hxg5 20. Bxg5 c4+ 21. Kg2 d5 22. e5 d4+ 23. Kh3 Qc6 24. Rf2 Nh5 25. Kg4 Bxe5 26. fxg6 Bc8+ 27. Rf5 Bxf5+ 28. Kxf5 Qe6+ 0-1

[Event "1.Open A Città di Padova"]
[Site "Padova"]
[Date "1998.12.20"]
[Round "5.2"]
[White "Muha, Zdravko"]
[Black "Marinucci, Tonino"]
[Result "1-0"]
[WhiteElo "1866"]
[BlackElo "1597"]
[Annotator "Gabriele Ballarin"]
[PlyCount "77"]
[EventDate "1998.12.13"]
[EventType "swiss"]
[EventRounds "6"]
[EventCountry "ITA"]

1. d4 d5 2. Bg5 Bg4 3. Nf3 Nd7 4. Nbd2 Ngf6 5. h3 Bh5 6. c4 e6 7. Qb3 Qc8 8. e3 Be7 9. Bd3 c6 10. Rc1 dxc4 11. Bxc4 Nb6 12. Bd3 Qd8 13. Ne5 O-O 14. O-O Nfd5 15. Bxe7 Qxe7 16. a3 Rab8 17. Qc2 Bg6 18. Bxg6 hxg6 19. Qe4 Nd7 20. f4 N7f6 21. Qd3 Rbd8 22. b4 a6 23. Nb3 Rb8 24. Nc5 Rfd8 25. Rf3 Nb6 26. Qc2 Nh5 27. Qf2 Nd5 28. g4 Nhf6 29. h4 Nb6 30. Rh3 Nbd7 31. g5 Nxe5 32. gxf6 gxf6 33. fxe5 Kg7 34. Ne4 Rd5 35. Qf4 Rh8 36. Rf1 Rh5 37. Ng5 Rd7 38. Rhf3 Qe8 39. e4 1-0

[Event "1.Open A Città di Padova"]
[Site "Padova"]
[Date "1998.12.20"]
[Round "5.3"]
[White "Roccaro, Giovanni"]
[Black "Viola, Matteo"]
[Result "0-1"]
[WhiteElo "1600"]
[BlackElo "1877"]
[Annotator "Gabriele Ballarin"]
[PlyCount "38"]
[EventDate "1998.12.13"]
[EventType "swiss"]
[EventRounds "6"]
[EventCountry "ITA"]

1. d4 Nf6 2. Nf3 g6 3. e3 Bg7 4. b3 c5 5. Bb2 cxd4 6. exd4 O-O 7. Bd3 d5 8. O-O Nc6 9. Nbd2 Nb4 10. Ne5 Nxd3 11. Nxd3 Bf5 12. Nf3 Rc8 13. Rc1 Qa5 14. Nfe5 Ne4 15. a3 f6 16. Nf3 Bg4 17. h3 Bxf3 18. b4 Bxd1 19. bxa5 Be2 0-1

[Event "1.Open A Città di Padova"]
[Site "Padova"]
[Date "1998.12.20"]
[Round "5.4"]
[White "Opacic, Alexandar"]
[Black "Navarro, Emanuele"]
[Result "0-1"]
[WhiteElo "1594"]
[BlackElo "1786"]
[Annotator "Gabriele Ballarin"]
[PlyCount "70"]
[EventDate "1998.12.13"]
[EventType "swiss"]
[EventRounds "6"]
[EventCountry "ITA"]

1. e4 Nf6 2. e5 Nd5 3. d4 d6 4. exd6 cxd6 5. Nf3 g6 6. Bd3 Bg7 7. c3 O-O 8. O-O Nc6 9. Re1 Bg4 10. h3 Bxf3 11. Qxf3 Nb6 12. Bg5 Qc7 13. Nd2 Rae8 14. a4 e5 15. a5 Nd7 16. d5 Nd8 17. Bb5 f5 18. Be3 e4 19. Qd1 a6 20. Bb6 Qc8 21. Bxd7 Qxd7 22. Qb3 Nf7 23. f3 Bh6 24. Be3 f4 25. Bd4 e3 26. Ne4 Ne5 27. Bxe5 Rxe5 28. Rad1 Rxe4 29. fxe4 f3 30. gxf3 Qxh3 31. Re2 Rxf3 32. Qc2 Rg3+ 33. Rg2 e2 34. Rxg3 Qxg3+ 35. Kh1 Qh3+ 0-1

[Event "1.Open A Città di Padova"]
[Site "Padova"]
[Date "1998.12.20"]
[Round "5.5"]
[White "Vianello, Enrico"]
[Black "Marson, Luca"]
[Result "1-0"]
[WhiteElo "1756"]
[BlackElo "1633"]
[Annotator "Vianello Enrico"]
[PlyCount "83"]
[EventDate "1998.12.13"]
[EventType "swiss"]
[EventRounds "6"]
[EventCountry "ITA"]

1. d4 Nf6 2. Bg5 Ne4 3. Bf4 d5 4. f3 (4. Nd2 Bf5 5. e3 e6 6. Bd3 Nxd2 7. Qxd2 Bxd3 8. Qxd3 c5 9. dxc5 Qa5+ 10. c3 Qxc5 11. Nf3 Nc6 12. b4 Qb6 13. a4 Be7 14. a5 Qd8 15. a6 b6 16. O-O O-O 17. e4 Bf6 18. Rfd1 dxe4) 4... Nf6 5. Nc3 c6 (5... c5 6. e4 dxe4 7. d5 exf3 8. Nxf3 g6 (8... a6 9. Qe2 g6 10. O-O-O Bg7 11. d6 e6 12. Bg5 O-O 13. Ne5 Nbd7 14. Ng4 h5 15. Nxf6+ Bxf6 16. Bxf6 Qxf6 17. Qe3 b6 18. Be2 Bb7 19. Rhf1 Qe5 20. Qh6 b5 21. Rfe1 Qg7 22. Qe3 Rfd8 23. g4) 9. Nb5 Na6 10. Bc4 Bg7 11. Qe2 O-O 12. O-O-O Qa5 13. Bd2 Qb6 14. a4 Bd7 15. a5 Qd8 16. Rhe1 Nb4 17. Qxe7 Qxa5 18. Kb1 Qa4 19. Nfd4 Nbxd5 20. Bxd5 cxd4 21. Nc7 Nxd5 22. Nxd5 Bf5 23. Rc1 Rac8 24. Qa3 Bxc2+ 25. Ka1 Qxa3+ 26. bxa3 Rc5 27. Nb4 d3+ 28. Ka2 Rb5) (5... e6 6. Qd2 (6. e4 Bb4 7. a3 Bxc3+ 8. bxc3 dxe4 9. fxe4 Nxe4 10. Bd3 Nxc3 11. Qg4 g6 12. Be5 O-O 13. Nf3 Nc6 14. h4 f5 15. Qf4 Nxe5 16. dxe5 Qe7 17. h5 Nd5 18. Qh6 Qg7 19. hxg6 Qxh6 20. Rxh6 hxg6) 6... c5 7. e3 a6 8. Nge2 Nc6 9. g4 b5 10. Bg2 Be7 11. O-O b4 12. Nd1 a5 13. c3 Ba6 14. Re1 O-O 15. Ng3 a4 16. dxc5 Bxc5 17. Kh1 Nd7 18. e4 Nb6 19. Qc1 Rc8 20. Nh5) 6. e4 e6 7. Be3 (7. e5 Nh5 8. Be3 g6 9. f4 Ng7 10. Nf3 b6 11. Bf2 Ba6 12. Bxa6 Nxa6 13. Ne2 Nc7 14. O-O c5 15. c3 c4 16. Bh4 Be7 17. Bxe7 Qxe7 18. Kh1 h5 19. Ng5 Nf5 20. Rf3 h4 21. Rh3 Kd7 22. b4 a5 23. a3 Kc6 24. Qb1 axb4 25. axb4 f6 26. Rxa8 Rxa8 27. Nf3 Ra3 28. exf6 Qxf6 29. Ne5+ Kb7 30. g4 hxg3 31. hxg3 g5 32. Qc1 Ra2 33. fxg5 Qf8 34. Nf4 Qa8 35. g4 Ra1 36. Qxa1 Qxa1+ 37. Kh2 Qb2+ 38. Ng2 Ng7 39. Rh7 Qxc3 40. g6 Qxd4) 7... Be7 8. Nge2 dxe4 9. fxe4 Nbd7 10. Qd2 (10. Ng3) 10... Ng4 11. Bg1 Bg5 (11... e5) 12. Qd3 Qb6 13. h3 Ngf6 14. b3 Qb4 15. a3 Qe7 (15... Qa5 16. b4 Qc7) 16. e5 Nd5 17. Ne4 O-O 18. g3 (18. c4 Nf4 19. Qf3) 18... f6 19. c4 (19. Nxg5 fxg5 20. Bg2 c5 21. h4 gxh4 22. c4 Nc7 23. Rxh4 g6 24. dxc5 Ne8 (24... Nxe5 25. Qd6 Qxd6 26. cxd6 Ne8 27. O-O-O) 25. Qc3 Nxc5 26. O-O-O) 19... Nc7 20. h4 Bh6 21. g4 f5 22. g5 (22. gxf5 exf5 23. Nd6 Nb6) 22... fxe4 {per ritiro} 23. Qxe4 Bxg5 24. hxg5 Qxg5 (24... g6 25. Qh4 Rf3 26. Nc1 c5 27. Bg2) 25. Qxh7+ Kf7 26. Rh2 Ne8 27. Qe4 Ke7 28. Be3 Rxf1+ (28... Qf5 29. Qh4+ Nef6 30. Ng3 Qg4 31. exf6+ Nxf6 32. Qxg4 Nxg4 33. Bg5+) 29. Kxf1 Qf5+ 30. Qxf5 exf5 31. Bg5+ Kf7 32. Nf4 Nf8 33. d5 cxd5 34. cxd5 Nc7 35. Rc1 Na6 36. b4 (36. Rh8 Bd7 37. e6+ Bxe6 38. dxe6+ Nxe6 (38... Ke8 39. Ng6 f4 40. Rxf8#) 39. Rxa8) 36... b6 37. Rh8 Bb7 38. e6+ Ke8 39. e7 (39. Ng6 Bxd5 40. Rxf8#) 39... Kf7 40. exf8=Q+ Rxf8 41. Rxf8+ Kxf8 42. Re1 1-0

[Event "1.Open A Città di Padova"]
[Site "Padova"]
[Date "1998.12.20"]
[Round "5.6"]
[White "Zanirato, Stefano"]
[Black "Litrico, Paolo"]
[Result "1-0"]
[WhiteElo "1740"]
[BlackElo "1411"]
[Annotator "Gabriele Ballarin"]
[PlyCount "118"]
[EventDate "1998.12.13"]
[EventType "swiss"]
[EventRounds "6"]
[EventCountry "ITA"]

{[%evp 0,107,24,16,69,33,73,26,43,30,57,46,44,45,97,97,106,89,103,53,131,112,119,161,168,23,32,23,36,12,64,80,52,65,166,148,192,192,185,164,243,135,130,133,165,149,176,160,158,122,121,94,122,44,91,94,220,213,207,244,244,182,195,160,172,142,216,185,199,200,294,261,262,266,269,221,235,224,211,217,244,229,285,282,324,318,307,323,358,372,370,367,367,380,381,339,451,363,394,380,451,445,458,534,1236,1236,1492,1422,1670,1904]} 1. Nf3 f5 2. d3 g6 3. c3 Bg7 4. e4 d6 5. Qb3 fxe4 6. dxe4 Na6 7. Be3 e5 8. Bc4 Nh6 9. h4 Qf6 10. Bg5 Qf8 11. Bxa6 bxa6 12. Qa4+ Bd7 13. Qxa6 Qf7 14. Qb7 O-O 15. Qxc7 Qe6 16. Nbd2 Bb5 17. Qe7 Qg4 18. Qxd6 Nf7 19. Qd5 Ba6 20. c4 Rab8 21. b3 Qxg2 22. Ke2 Qg4 23. Rhg1 Qc8 24. Qa5 Nxg5 25. Nxg5 Rd8 26. Qc3 Rb7 27. Qh3 Qc6 28. Qe6+ Qxe6 29. Nxe6 Rd6 30. Nc5 Rf7 31. Nxa6 Rxa6 32. a4 Rd7 33. Nf3 Rb6 34. Rab1 Bf8 35. Nxe5 Re7 36. f4 Bg7 37. Rgd1 Bxe5 38. fxe5 Rxe5 39. Rd8+ Kg7 40. Rd7+ Kh6 41. Ke3 a6 42. Kd4 Rh5 43. b4 Rxh4 44. c5 Re6 45. Re1 Rh2 46. Kd5 Re8 47. c6 Rc8 48. b5 axb5 49. axb5 Rd2+ 50. Ke6 Rb2 51. Rd5 Rc7 52. Rh1+ Kg7 53. Rd7+ Rxd7 54. cxd7 Re2 55. Rh4 g5 56. Rg4 h5 57. Rxg5+ Kh6 58. Re5 Rd2 59. b6 h4 {Nur} 1-0

[Event "1.Open A Città di Padova"]
[Site "Padova"]
[Date "1998.12.20"]
[Round "5.7"]
[White "Pagin, Giacomo"]
[Black "Guastadini, Paolo"]
[Result "1/2-1/2"]
[WhiteElo "1699"]
[BlackElo "1603"]
[Annotator "Gabriele Ballarin"]
[PlyCount "73"]
[EventDate "1998.12.13"]
[EventType "swiss"]
[EventRounds "6"]
[EventCountry "ITA"]

1. e4 g6 2. d4 Bg7 3. Nc3 c6 4. f4 d5 5. e5 h5 6. Bd3 Nh6 7. Nf3 Na6 8. a3 Nc7 9. Be3 Bf5 10. Qd2 Ne6 11. Ne2 Bxd3 12. Qxd3 Nf5 13. h3 Nxe3 14. Qxe3 Bh6 15. g4 Qb6 16. O-O-O O-O-O 17. Kb1 c5 18. dxc5 Qxc5 19. Qxc5+ Nxc5 20. g5 Bf8 21. Nc3 e6 22. Rhe1 a6 23. Nd4 Kb8 24. Re3 Rc8 25. b4 Nd7 26. Na4 Be7 27. Rdd3 b5 28. Nb2 Nb6 29. Rc3 Kb7 30. Rxc8 Rxc8 31. c3 Nc4 32. Nxc4 bxc4 33. Kb2 a5 34. Re1 axb4 35. axb4 Ra8 36. Rd1 Kb6 37. Rd2 1/2-1/2

[Event "1.Open A Città di Padova"]
[Site "Padova"]
[Date "1998.12.20"]
[Round "5.8"]
[White "Navarro, Stefano"]
[Black "Cecchetto, Vanni"]
[Result "0-1"]
[WhiteElo "1567"]
[BlackElo "1831"]
[Annotator "Gabriele Ballarin"]
[PlyCount "157"]
[EventDate "1998.12.13"]
[EventType "swiss"]
[EventRounds "6"]
[EventCountry "ITA"]

1. d4 d6 2. e4 g6 3. Bc4 Nf6 4. Nc3 Bg7 5. Bg5 Nc6 6. Bb5 a6 7. Bxc6+ bxc6 8. e5 Nd5 9. exd6 cxd6 10. Nxd5 cxd5 11. Ne2 h6 12. Bf4 e5 13. Be3 Qa5+ 14. c3 Bb7 15. O-O Rb8 16. Qd2 Ke7 17. Rfe1 f6 18. Nc1 Qa4 19. Nb3 Ba8 20. f3 Kf7 21. dxe5 dxe5 22. Ba7 Rbc8 23. Nc5 Qc6 24. Nd3 Rhe8 25. Be3 Qd6 26. Nb4 Rcd8 27. Rad1 d4 28. Bf2 f5 29. cxd4 exd4 30. Qd3 Qxb4 31. Qxa6 Qd6 32. Qa7+ Qd7 33. Qc5 Rxe1+ 34. Bxe1 Qe7 35. Qb5 Bd5 36. a4 Kg8 37. Bf2 Kh7 38. a5 d3 39. Rxd3 Qe6 40. Re3 Qc6 41. Qf1 Bxb2 42. Re7+ Bg7 43. Bd4 Bf7 44. Bb6 Rd7 45. Rxd7 Qxd7 46. Qb1 Bd4+ 47. Kh1 Bxb6 48. axb6 Bd5 49. Kg1 Bb7 50. Qb3 Qd4+ 51. Kf1 Qd7 52. Kf2 f4 53. Qb4 Qf7 54. Qb2 Qe7 55. Qb3 Qe3+ 56. Qxe3 fxe3+ 57. Kxe3 Kg7 58. Kd4 Kf6 59. Ke3 Ke5 60. h4 Kf5 61. g3 Ke5 62. Kf2 h5 63. Ke3 Kf5 64. Kf2 Ke5 65. Ke3 Kd5 66. Kf4 Kc5 67. g4 Kxb6 68. Kg3 Kc5 69. f4 Kd4 70. f5 gxf5 71. gxh5 Ke5 72. h6 f4+ 73. Kf2 Be4 74. h5 Bh7 75. Kf3 Kf5 76. Kg2 Kg4 77. Kf2 f3 78. Kf1 Kg3 79. Ke1 0-1

[Event "1.Open A Città di Padova"]
[Site "Padova"]
[Date "1998.12.20"]
[Round "5.9"]
[White "Boscolo, Fabio"]
[Black "Pavon, Michele"]
[Result "1-0"]
[WhiteElo "1714"]
[BlackElo "1600"]
[Annotator "Gabriele Ballarin"]
[PlyCount "70"]
[EventDate "1998.12.13"]
[EventType "swiss"]
[EventRounds "6"]
[EventCountry "ITA"]

1. d4 d5 2. c4 Nc6 3. cxd5 Qxd5 4. Nf3 e5 5. Nc3 Bb4 6. Bd2 Bxc3 7. Bxc3 e4 8. Ne5 Nge7 9. Nxc6 Nxc6 10. e3 O-O 11. f4 a5 12. a4 b6 13. Be2 Ba6 14. O-O Bxe2 15. Qxe2 f5 16. Rfc1 Rac8 17. Bd2 Qe6 18. Qc4 Qxc4 19. Rxc4 Ne7 20. b4 axb4 21. Bxb4 Rf7 22. Bxe7 Rxe7 23. Rac1 Ra8 24. Kf2 Ra7 25. Kg3 Kf7 26. Kh4 g6 27. g4 fxg4 28. Kxg4 Kg7 29. Rb4 Kf6 30. Rc6+ Re6 31. Rbc4 h5+ 32. Kh4 Rxc6 33. Rxc6+ Kf5 34. d5 Rxa4 35. Rxc7 Ra3 1-0